000 00459nam a2200181Ia 4500
003 OSt
005 20250113153817.0
008 210210b1956 xxu||||| |||| 00| 0 eng d
040 _cAL
041 _akan
082 _a859/255
100 _aUSHADEVI
_9148555
_dಉಷಾದೇವಿ
245 _aDhana pishachi 1:
_bಧನ ಪಿಶಾಚಿ 1
260 _aBengaluru
_b-
_c1956
690 _aKannada Fiction
_9148556
906 _a021128
942 _2ddc
_cBK
999 _c145190
_d145190